000 00432nam a2200193Ia 4500
005 20240823060711.0
008 240823s9999||||xx |||||||||||||| ||und||
020 _a0-14-0586679
041 _aENGLISH
082 _A823.91 N2
100 _aNarayan R K
245 0 _aMalgudi Landscapes
250 _a1st
260 _c1992
_b"Penguin Books,En"
500 _aYES
650 _aNovel
_bEnglish
942 _cBK
999 _c231763
_d231763